00495nam a22001697a 450000500170000001000150001702000260003203500130005803700130007108200140008410000210009824500390011926000310015827000830018930000200027249000330029220140917115130.0 aENG-110873 a9789351431831c180.00 aEN-94405 bDBAD/PUB a346.54066 aRosedar S. R. A. aCompany law /cby Rosedar S. R. A. aGurgaonbLexis Nexisc2014 a14th Floor, Building No.10, Tower-B, DLF Cyber City, Phase-IIbGurgaone122002 a82p.c22cm(pbk) aQuick reference guide series